00487nam a2200169Ia 4500008004100000020001000041040001900051041001200070082002500082100002300107245006700130260004000197300001800237504002200255650002200277850001800299131103s9999 xx 000 0 und d cRs.32 aLoreto College aEnglish a910/BANbLCBED/12928 aBanerjee, Ardhendu aPre - secondary geographyb for class viii cArdhendu Banerjee aCalcuttabCalcutta book housec1999 a96p. c 22cm. aIncludes appendex aGeneral geography aLCBED/910/BAN